Movies Quiz

Random Movies or Actress Quiz
Score 0/112 Timer 05:00
0 Plays Today
Category Movie % Correct
Best PictureThe Aviator
98.8%
Best DirectorThe Aviator – Martin Scorsese
98.8%
Best ActorThe Aviator – Leonardo DiCaprio
98.8%
Best Supporting ActorThe Aviator – Alan Alda
98.8%
Best Supporting ActressThe Aviator – Cate Blanchett
98.8%
Best Original ScreenplayThe Aviator
98.8%
Best Sound MixingThe Aviator
98.8%
Best Art DirectionThe Aviator
98.8%
Best CinematographyThe Aviator
98.8%
Best Costume DesignThe Aviator
98.8%
Best Film EditingThe Aviator
98.8%
Best Documentary – FeatureThe Story of the Weeping Camel
98.4%
Best Documentary – ShortThe Children of Leningradsky
98.4%
Best Documentary – FeatureBorn into Brothels: Calcutta's Red Light Kids
98%
Best Live Action Short Film7:35 in the Morning
98%
Best Original ScoreHarry Potter and the Prisoner of Azkaban
98%
Best Visual EffectsHarry Potter and the Prisoner of Azkaban
98%
Best Foreign Language FilmThe Sea Inside (Spain)
97.6%
Best MakeupThe Sea Inside
97.6%
Best ActressEternal Sunshine of the Spotless Mind – Kate Winslet
97.2%
Best Original ScreenplayEternal Sunshine of the Spotless Mind
97.2%
Best Original ScreenplayThe Incredibles
97.2%
Best Animated Feature FilmThe Incredibles
97.2%
Best Original ScoreThe Passion of the Christ
97.2%
Best Sound EditingThe Incredibles
97.2%
Best Sound MixingThe Incredibles
97.2%
Best CinematographyThe Passion of the Christ
97.2%
Best MakeupThe Passion of the Christ
97.2%
Best Adapted ScreenplayThe Motorcycle Diaries
96.9%
Best Documentary – ShortMighty Times: The Children's March
96.9%
Best Sound EditingThe Phantom of the Opera
96.9%
Best Sound MixingThe Phantom of the Opera
96.9%
Best Art DirectionThe Phantom of the Opera
96.9%
Best CinematographyThe Phantom of the Opera
96.9%
Best Original SongThe Phantom of the Opera – 'Learn to Be Lonely'
96.9%
Best Original SongThe Motorcycle Diaries – 'Al otro lado del río'
96.9%
Best Original SongThe Polar Express – 'Believe'
96.9%
Best Foreign Language FilmThe Chorus (France)
96.5%
Category Movie % Correct
Best Original ScoreThe Village
96.5%
Best Original SongThe Chorus – 'Look to Your Path'
96.5%
Best PictureFinding Neverland
95.7%
Best ActorFinding Neverland – Johnny Depp
95.7%
Best Adapted ScreenplayFinding Neverland
95.7%
Best Original ScoreFinding Neverland
95.7%
Best Art DirectionFinding Neverland
95.7%
Best Costume DesignFinding Neverland
95.7%
Best Film EditingFinding Neverland
95.7%
Best ActorHotel Rwanda – Don Cheadle
87.8%
Best Supporting ActressHotel Rwanda – Sophie Okonedo
87.8%
Best Original ScreenplayHotel Rwanda
87.8%
Best Live Action Short FilmEverything in This Country Must
86.6%
Best PictureMillion Dollar Baby
80.7%
Best DirectorMillion Dollar Baby – Clint Eastwood
80.7%
Best ActorMillion Dollar Baby – Clint Eastwood
80.7%
Best ActressMillion Dollar Baby – Hilary Swank
80.7%
Best Supporting ActorMillion Dollar Baby – Morgan Freeman
80.7%
Best Adapted ScreenplayMillion Dollar Baby
80.7%
Best Film EditingMillion Dollar Baby
80.7%
Best ActressBeing Julia – Annette Bening
78.3%
Best Sound EditingSpider-Man 2
78.3%
Best Sound MixingSpider-Man 2
78.3%
Best Visual EffectsSpider-Man 2
78.3%
Best Original ScoreLemony Snicket's A Series of Unfortunate Events
76.8%
Best Art DirectionLemony Snicket's A Series of Unfortunate Events
76.8%
Best MakeupLemony Snicket's A Series of Unfortunate Events
76.8%
Best Costume DesignLemony Snicket's A Series of Unfortunate Events
76.8%
Best CinematographyHouse of Flying Daggers
74%
Best Art DirectionA Very Long Engagement
69.3%
Best CinematographyA Very Long Engagement
69.3%
Best Supporting ActorCollateral – Jamie Foxx
66.9%
Best Film EditingCollateral
66.9%
Best Documentary – ShortSister Rose's Passion
66.5%
Best Live Action Short FilmLittle Terrorist
63.8%
Best Live Action Short FilmTwo Cars, One Night
63%
Best Foreign Language FilmYesterday (South Africa)
59.1%
Best ActressMaria Full of Grace – Catalina Sandino Moreno
57.5%
Category Movie % Correct
Best DirectorVera Drake – Mike Leigh
56.7%
Best ActressVera Drake – Imelda Staunton
56.7%
Best Original ScreenplayVera Drake
56.7%
Best Adapted ScreenplayBefore Sunset
56.3%
Best Documentary – FeatureTupac: Resurrection
53.9%
Best Supporting ActorCloser – Clive Owen
51.2%
Best Supporting ActressCloser – Natalie Portman
51.2%
Best DirectorRay – Taylor Hackford
47.6%
Best ActorRay – Jamie Foxx
47.6%
Best Sound MixingRay
47.6%
Best Costume DesignRay
47.6%
Best Film EditingRay
47.6%
Best PictureRay
47.6%
Best DirectorSideways – Alexander Payne
46.5%
Best Supporting ActorSideways – Thomas Haden Church
46.5%
Best Supporting ActressSideways – Virginia Madsen
46.5%
Best Adapted ScreenplaySideways
46.5%
Best Animated Feature FilmShark Tale
46.5%
Best PictureSideways
46.5%
Best Animated Feature FilmShrek 2
43.7%
Best Documentary – FeatureTwist of Faith
43.7%
Best Original SongShrek 2 – 'Accidentally in Love'
43.7%
Best Foreign Language FilmDownfall (Germany)
40.2%
Best Animated Short FilmBirthday Boy
40.2%
Best Supporting ActressKinsey – Laura Linney
37%
Best Animated Short FilmGopher Broke
35%
Best Animated Short FilmLorenzo
32.3%
Best Documentary – ShortHardwood
31.1%
Best Foreign Language FilmAs It Is in Heaven (Sweden)
28.7%
Best Documentary – FeatureSuper Size Me
28%
Best Documentary – ShortAutism Is a World
23.6%
Best Visual EffectsI, Robot
22%
Best Costume DesignTroy
18.9%
Best Animated Short FilmGuard Dog
17.3%
Best Live Action Short FilmWasp
15.4%
Best Animated Short FilmRyan
11.4%
Remove Ads.
Support Sporcle.
Get the best of Sporcle when you Go Orange. This ad-free experience offers more features, more stats, and more fun while also helping to support Sporcle. Thank you for becoming a member.

You're not logged in!

Compare scores with friends on all Sporcle quizzes.
OR
Log In

Show Comments

Extras

Top Quizzes Today


Score Distribution

Your Account Isn't Verified!

In order to create a playlist on Sporcle, you need to verify the email address you used during registration. Go to your Sporcle Settings to finish the process.

Report this User

Report this user for behavior that violates our Community Guidelines.

Details: